| 000 | 00000nas 2200000za 4500 |
| 001 | 9.821664 |
| 003 | CaOODSP |
| 005 | 20221107143518 |
| 007 | cr ||||||||||| |
| 008 | 160726d19541979onczx p o f0###a0eng|d |
| 022 | |y0015-3702 |
| 040 | |aCaOODSP|beng |
| 043 | |an-cn--- |
| 086 | 1 |aDC2-2E-PDF |
| 245 | 00|aFlight comment |h[electronic resource]. |
| 260 | |aOttawa: |bNational Defence Headquarters, Directorate of Flight Safety, |c1954-1979. |
| 310 | |aIrregular, |bed. 1, 1976-ed. 1, 1979. |
| 321 | |aQuarterly, |b1st-3rd quarter, 1954 |
| 321 | |aBimonthly,|bMar./Apr. 1955-Nov./Dec. 1975 |
| 362 | 0 |a1st quarter 1954-1979, ed. 1. |
| 515 | |aNumbering begins each year with no 1, 1976-1979. |
| 692 | 07|2gccst|aAviation |
| 710 | 1 |aCanada.|bDepartment of National Defence.|bDirectorate of Flight Safety. |
| 775 | 08|tFlight comment |w(CaOODSP)9.821665 |
| 785 | 00|tFlight comment |w(CaOODSP)9.821687 |